Artifical Intelligence And Digitisation In Education/ (Record no. 210492)

MARC details
000 -LEADER
fixed length control field 00645nam a22001817a 4500
005 - DATE AND TIME OF LATEST TRANSACTION
control field 20250325154521.0
010 ## - LCCN (DPL NO)
LC control number ENG-144202
020 ## - INTERNATIONAL STANDARD BOOK NUMBER
Terms of availability 895.00
International Standard Book Number 9789391978488
035 ## - SYSTEM CONTROL NUMBER
System control number EN-127734
037 ## - SOURCE OF ACQUISITION
Source of stock number/acquisition DBAD/PUB
100 ## - MAIN ENTRY--PERSONAL NAME
Personal name Khan, Aerum
245 ## - TITLE STATEMENT
Title Artifical Intelligence And Digitisation In Education/
Statement of responsibility, etc Edited by Aerum Khan And Jasim Ahmad
260 ## - PUBLICATION, DISTRIBUTION, ETC. (IMPRINT)
Place of publication, distribution, etc Patparganj
Name of publisher, distributor, etc SHIPRA PUBLICATION
Date of publication, distribution, etc 2025
270 ## - ADDRESS
City New Delhi
Address LG 18 -19,Pankaj Central Market
Postal code 110092
Telephone number 9650028065
Electronic mail address info@shiprapublication.com
300 ## - PHYSICAL DESCRIPTION
Extent 320p.
Dimensions 23cm(pb)
710 ## - ADDED ENTRY--CORPORATE NAME
Corporate name or jurisdiction name as entry element Roma Chatterjee
Relator term Editor
9 (RLIN) 59600
942 ## - ADDED ENTRY ELEMENTS (KOHA)
Source of classification or shelving scheme Dewey Decimal Classification
Item type English Books
Classification part 006.3
Call number suffix KHA
Edition 1

No items available.


© Delhi Public Library
Hit Counter
free hit counter